الرهبنة القبطية نهر نساك المسيحية / al-Rahbanah al-Qibṭīyah nahr Nusāk al-Masīḥīyah
محفوظ في:
المؤلف الرئيسي:
التنسيق: كتاب
اللغة: Undetermined
منشور في:
Cairo
/ Madāris al-Aḥad, Rawḍ al-Fraj
2022
الموضوعات:
الوسوم: إضافة وسم
لا توجد وسوم, كن أول من يضع وسما على هذه التسجيلة!
رقم الطلب:
| LEADER | 00694nam a2200169Ia 4500 | ||
|---|---|---|---|
| 008 | 240503s9999||||xx |||||||||||||| ||und|| | ||
| 020 | |a 9789778231076 | ||
| 100 | 1 | |a iʻdād al-Rāhib al-Qiss Yusṭus al-Ūrshalīmī., Yusṭus Ūrshalīmī | |
| 245 | 1 | 0 | |a الرهبنة القبطية نهر نساك المسيحية / al-Rahbanah al-Qibṭīyah nahr Nusāk al-Masīḥīyah |
| 264 | 1 | |a Cairo |b / Madāris al-Aḥad, Rawḍ al-Fraj |c 2022 | |
| 300 | |a 200 |c 22 | ||
| 650 | 4 | |a Coptic monasteries | |
| 650 | 4 | |a Coptic monasteries Egypt History | |
| 650 | 4 | |a Coptic monasticism and religious orders | |
| 650 | 4 | |a Coptic monasticism and religious orders Egypt History | |
| 942 | |2 lcc |c BK | ||
| 999 | |c 58316 |d 58316 | ||
